|
|
|
|
| LEADER |
00000naa2a2200000 4500 |
| 001 |
685852 |
| 005 |
20260331105117.0 |
| 090 |
|
|
|a 685852
|
| 100 |
|
|
|a 20260331d2025 k||y0rusy50 ca
|
| 101 |
0 |
|
|a rus
|
| 102 |
|
|
|a RU
|
| 135 |
|
|
|a drcn ---uucaa
|
| 200 |
1 |
|
|a Реализация защиты от симметричных перегрузок обмоток статора генератора в шкафе типа ШЭ1111
|f Р. В. Орлов, Н. В. Мажаа
|g науч. рук. В. В. Гречушников
|
| 283 |
|
|
|2 RDAcarrier
|
| 320 |
|
|
|a Список литературы: 3 назв
|
| 336 |
|
|
|a Текстовый файл
|
| 463 |
|
1 |
|0 685753
|9 685753
|t Бутаковские чтения
|o сборник статей V Всероссийской с международным участием молодёжной конференции, 9-11 декабря 2025 г., Томск
|n Изд-во ТПУ
|c Томск
|d 2025
|u conference_tpu-2025-C133.pdf
|v С. 74-77
|
| 545 |
1 |
|
|a Цифровизация в электроэнергетике и интеллектуальные энергосистемы
|
| 610 |
1 |
|
|a труды учёных ТПУ
|
| 610 |
1 |
|
|a электронный ресурс
|
| 610 |
1 |
|
|a симметричные перегрузки
|
| 610 |
1 |
|
|a защита
|
| 610 |
1 |
|
|a статоры
|
| 700 |
|
1 |
|a Орлов
|b Р. В.
|
| 701 |
|
1 |
|a Мажаа
|b Н. В.
|
| 702 |
|
1 |
|a Гречушников
|b В. В.
|c специалист в области электроэнергетики
|c старший преподаватель Томского политехнического университета
|f 1991-
|g Владислав Викторович
|4 727
|
| 801 |
|
0 |
|a RU
|b 63413507
|c 20260331
|
| 850 |
|
|
|a 63413507
|
| 856 |
4 |
0 |
|u conference_tpu-2025-C133_p74-77.pdf
|z conference_tpu-2025-C133_p74-77.pdf
|
| 942 |
|
|
|c CF
|